• 首页
  • 本馆介绍
  • 公告通知
  • 最新文献
  • 馆藏检索
  • 电子资源
  • 读者导购
  • 参考咨询
  • 我的图书馆
  • 登录
  • 详细信息显示
  • 放入我的书架
  • 预约/预借图书
  • 作者相关作品
  • 分类相关作品
  • 丛书相关作品
  • 出版社相关作品

书目信息

  • 表格格式
  • 工作单格式
  • 卡片格式
书名: Production and inventory control handbook
作者: James H. Greene, editor-in-chief.
分册号:
分册名:
出版地: New York :
 
出版社: McGraw-Hill
出版时间: [1970].
页数: 1 v. (various pagings) :
开本: 24 cm.
丛书名:
中图分类号:
科图分类号:
其他分类号: F273
主题词:
电子资源:
000 01046cam a2200265 450
001 E0753957081
005 20070710150318.07
008 700730s1970 nyua b 001 0 eng
010    @a79076144
035    @A(DLC) 79076144
040    @aDLC@cDLC@dDLC
050 00 @aTS155@b.P74
082 00 @a658.5
090    @aF273
099    @dF273@ex49
245 00 @aProduction and inventory control handbook / @cJames H. Greene, editor-in-chief.
260    @aNew York :@bMcGraw-Hill,@c[1970].
300    @a1 v. (various pagings) :@billus. ;@c24 cm.
500    @a"Prepared under the supervision of the Handbook Editorial Board of APICS--American Production and Inventory Control Society."
504    @aIncludes bibliographies.
650  0 @aInventory control@xHandbooks, manuals, etc.
650  0 @aProduction management@xHandbooks, manuals, etc.
700 1  @aGreene, James H.@q(James Harnsberger),@d1915-@eed.
710 2  @aAmerican Production and Inventory Control Society.@tHandbook Editorial Board.
991    @bc-GenColl@hTS155@i.P74@tCopy 1@wBOOKS
    
    Production and inventory control handbook / / James H. Greene, editor-in-chief.-New York : : McGraw-Hill, , [1970].
    1 v. (various pagings) : : illus. ; ; 24 cm.
    "Prepared under the supervision of the Handbook Editorial Board of APICS--American Production and Inventory Control Society." .-Includes bibliographies.
    
    ISBN
    
●
相关链接 在E读中查询图书 在五车中查询图书 在当当中查询图书 在豆瓣中查询图书


正题名:Production and inventory control handbook     索取号:F273/x49         预约/预借

序号 登录号 条形码 馆藏地/架位号 状态 备注
1 0011673   300116737   第二样本阅览室/ [索取号:F273/x49] 在馆    
唐山师范学院图书馆 欢迎您!
大连网信软件有限公司© 版权所有